Geography Ending in V, Starting with A-Z - Statistics

General Stats
  • This quiz has been taken 8 times
  • The average score is 6 of 26
Answer Stats
Clue Answer ending in V % Correct
K The capital of Ukraine Kiev
86%
A Sea next to Crimea, under Russian control as of 2014 Azov
71%
L Large city in the west of Ukraine Lviv
57%
P Ancient city of Bulgaria Plovdiv
57%
R Major city on the River Don in SW Russia, very close to A Rostov
57%
E Swedish town where Slovakia is partly visible Eslov
29%
S Rat-infested Russian city on the Volga Saratov
29%
B Been losing energy, the sun shining, on a Scottish mountain climb Ben Starav
14%
C Ukrainian city where squashed heron is served with a friendly greeting Chernihiv
14%
N A long time in North Macedonia Nerav
14%
T Oxygen is required for high-altitude Mongolian province Töv
14%
V First Rock Hill zoo lover enjoys bears; I climb every mountain of Slovenia Vrh Žlebičev
14%
F A street in one of the suburbs of Kiev Fastiv
14%
I Romanian county where length of back is measured Ilfov
14%
J UN's sodium road, a first experiment in town of India Junnardev
14%
M Cat-infested city in eastern Belarus? Mogilev
14%
O Uzbek has a head transplant in Romanian domain of Kyrgyzstan Orozbekov
14%
W Indian town also known as a home of cricket Wakav
14%
X Is human resources nothing in Uzbekistan? Xishrov
14%
D My only mistake was to cut off a vitamin, so leading to Slovakian town Dolny Lopasov
0%
G Tajik town appears to be worth half a Euro Ghafurov
0%
H Have nothing in the end with night light in Czech town Havirov
0%
Q We hear the central part of a large car in Uzbek town Qorasuv
0%
U Steal from a Czech town Unicov
0%
Y Free, untangle Mohammed in Russian town Yefremov
0%
Z Israeli town's hydrogen run on yearly articles, in moon containing potassium deposits Zikhron Ya'akov
0%
No matching quizzes found
Score Distribution
Percent of People with Each Score
Percentile by Number Answered
Your Score History
You have not taken this quiz